1989 1867 1211 1712 1081 1093 1729 1649 1684 1906 1429 1980 1517 1624 1407 1060 1182 1656 1822 1626 1483 1381 1599 1770 1673 1464 1516 1616 1985 1650 1978 1788 1638 1553 1811 1364 1898 1505 1775 1780 1950 1549 1687 1499 1405 1063 1860 1542 1295 1958 1274 1400 1066 1667 1180 1288 1690 1595 1002 1047 1243 1791 1964 1601 1427 1365 1880 1872 1670 1787 1986 1979 1913 1051 1668 1323 1210 1014 1445 1432 1173 1574 1561 2000 1985 1080 1862 1646 1633 1690 1797 1212 1125 1180 1842 1444 1409 1068 1464 BCNSPRNW ULIB Ver.6.0+V

เปลี่ยนเป็นภาษาไทย

Change to English
 แสดงรายละเอียดบรรณานุกรม
  กลับหน้าหลัก

Brief Record : Get Marc (ISO 2709) : E-mail record : QR code < ปิดหน้าต่าง
LEADER : 00000nam 2200000uu 4500
001    13399121439
003     ULIB
008    111207s2549||||th 000 0 tha d
020    ^a9789749454978
020    9749454979
090    ^aนว.^bช543ว
100 0  ^aเนตรนภัส
245 00 ^aดวงตะวันแห่งรัก/^cเนตรนภัส
250    ^aพิมพ์ครั้งที่ 1
260    ^aกรุงเทพฯ :^bปริ๊นเซส,^c2549
300    ^a344 หน้า
710 1  ^aปริ๊นเซส
945    ^p190^l0^i24586
995    ^aทศพร
999 ^a ทศพร
รายการนี้ยังไม่มีแท็ก
คุณยังไม่ได้ล็อกอิน คุณสามารถมีกิจกรรมร่วมกับเว็บไซต์ได้ แต่ต้องล็อกอินก่อน ::
  ล็อกอิน

รายการสื่อสารสนเทศ

ลำดับที่ ประเภท เลขเรียก/บาร์โค้ด สถานที่ สถานะ
1. นวนิยาย
นวนิยาย
นว. ช543ว ฉ.1 
  Barcode: 24586
ห้องสมุดวิทยาเขตสวรรค์ประชารักษ์
►นวนิยาย
บนชั้น
  ขอยืม

BibComment


ยังไม่เคยถูกคอมเมนท์

คอมเมนท์ทรัพยากรรายการนี้
  คอมเมนท์: ดวงตะวันแห่งรัก ..


 Copyright 2026. Bcnsprnw @Library